000
00300nam a22001217a 4500
008
170912b xxu||||| |||| 00| 0 eng d
041
_a
eng
080
_a
53
100
_a
43
101
_a
FIZ
245
_a
ON CUMULUS CLOUD PATTERNS AND THE THEORY OF SHALLOWCONVECTION
_c
DELDEN,A.V
942
_2
udc
_c
BK
999
_c
27310
_d
27310